| 000 | 00999nam a2200193 i 4500 | ||
|---|---|---|---|
| 001 | 173048 | ||
| 003 | ES-MaACL | ||
| 005 | 20240229062731.0 | ||
| 008 | 091019s1809 sp |||| | spa d | ||
| 245 | 0 | 0 | _aSuplemento a la Gazeta del Gobierno del viernes 12 de mayo de 1809. |
| 260 |
_aCádiz : _b[s.n., _c1809?] ( _fNicolás Gómez de Requena) |
||
| 300 |
_a8 p. ; _c20 cm. |
||
| 505 | 8 | _aContiene: "Correspondencia del General frances Horacio Sebastiani con los Excmos. Sres. D. Gaspar de Jovellanos y D. Francisco de Saavedra, y con el general de nuestro exército de la Carolina, D. Francisco Venegas | |
| 593 | _aTítulo y contiene tomados del príncipio del texto. | ||
| 596 | _aDatos de publicación tomados del final del texto. | ||
| 651 | 4 |
_aEspaña- _xHistoria- _y1808-1814, Guerra de la Independencia _98244 |
|
| 852 |
_aES-MaACL _jR-3318(10) _q.- Ejemplar sin portada ni cubierta _z.- Enc. en un vol. facticio con otras obras formando "Miscelanea patriotica" |
||
| 999 |
_c173048 _d173048 |
||